[Event "BL2-Ost 9900"]
[Site "Germany"]
[Date "2000.03.12"]
[Round "7.3"]
[White "Pribyl, Martin"]
[Black "Lorenz, Gerd"]
[Result "1-0"]
[WhiteElo "2320"]
[BlackElo "2350"]
[PlyCount "71"]
[EventDate "1999.10.10"]
[EventType "team-tourn"]
[EventRounds "9"]
[EventCountry "GER"]
[SourceTitle "CBM 075 Extra"]
[Source "ChessBase"]
[SourceDate "2000.05.11"]
[SourceVersion "2"]
[SourceVersionDate "2000.05.11"]
[SourceQuality "1"]
[WhiteTeam "Bamberg"]
[BlackTeam "Chemnitz USG"]
[WhiteTeamCountry "GER"]
[BlackTeamCountry "GER"]

1. c4 Nf6 2. d4 d6 3. Nc3 e5 4. Nf3 Nc6 5. d5 Nb8 6. e4 Be7 7. Be2 c5 8. 0-0 0-0 9. a3 Bg4 10. b4 Nfd7 11. Be3 Na6 12. Rb1 Bxf3 13. Bxf3 Bg5 14. Qd2 Bxe3 15. Qxe3 Nb6 16. Be2 cxb4 17. axb4 Rc8 18. c5 dxc5 19. Bxa6 cxb4 20. Na2 bxa6 21. Nxb4 Qd6 22. Nc6 Rc7 23. Rfc1 f5 24. f3 fxe4 25. fxe4 Nc8 26. Ra1 Rcf7 27. Rxa6 Rf4 28. Qe2 h6 29. Nd4 Qb4 30. Ne6 Rxe4 31. Qd1 Re8 32. d6 Nb6 33. Rb1 Qc4 34. d7 Qxe6 35. dxe8Q+ Qxe8 36. Raxb6 1-0

[Event "GER CupT sf1"]
[Site "Bad Godesberg"]
[Date "1999.03.13"]
[Round "?.2"]
[White "Lorenz, Gerd"]
[Black "Vaganian, Rafael A"]
[Result "1/2-1/2"]
[WhiteElo "2350"]
[BlackElo "2605"]
[PlyCount "89"]
[EventDate "1999.03.??"]
[EventType "team"]
[EventRounds "1"]
[EventCountry "GER"]
[SourceTitle "EXT 2000"]
[Source "ChessBase"]
[SourceDate "1999.11.16"]
[SourceVersion "1"]
[SourceVersionDate "1999.11.16"]
[SourceQuality "1"]
[WhiteTeam "Chemnitz"]
[BlackTeam "Koeln Porz"]
[WhiteTeamCountry "GER"]
[BlackTeamCountry "GER"]

1. d4 e6 2. Nf3 d5 3. Bf4 Nf6 4. e3 Be7 5. Nbd2 b6 6. c3 Bb7 7. Bb5+ c6 8. Bd3 Nbd7 9. Ne5 Nxe5 10. Bxe5 Bd6 11. f4 Qe7 12. 0-0 0-0 13. e4 dxe4 14. Nxe4 Nxe4 15. Bxe4 f5 16. Bf3 Bxe5 17. dxe5 Ba6 18. Rf2 Rad8 19. Qa4 Bb5 20. Qb4 Qxb4 21. cxb4 Rd4 22. a4 Bc4 23. Bxc6 Rfd8 24. h3 Bb3 25. a5 Rxb4 26. axb6 axb6 27. Ra7 Rc4 28. Rf3 Rxc6 29. Rxb3 Rd2 30. Rb7 Rcc2 31. Rg3 g6 32. b4 b5 33. Rxb5 Kg7 34. Rb6 Rf2 35. Rxe6 Rxf4 36. b5 Rff2 37. b6 Rb2 38. Re7+ Kh6 39. b7 Rfe2 40. Kf1 Rf2+ 41. Kg1 Rfc2 42. Kh2 f4 43. Rg4 f3 44. Rh4+ Kg5 45. Rg4+ 1/2-1/2